LEADER 01561nam a2200349 u 4500 001 000000019270 003 CaOOAMICUS 005 20070226110753.0 008 950203r19811979it u000 u ita u 035 $a10463338 040 $aPUL(R)$bita 041 1 $aita$hgrc 100 0 $aIrenaeus Lugdunensis,$cs.,$d130/149-c. 198.$0(OLS)http://pul/name/3472 240 10$aOpere$9(Irenaeus, s., vesc. di Lyon, m. 202).$lItaliano.$0(OLS)http://pul/title/27292 245 10$aContro le eresie e gli altri scritti /$cIreneo di Lione ; introduzione, traduzione, note e indici a cura di Enzo Bellini. 260 $aMilano :$bJaca Book,$c1981, c1979. 300 $a688 p. ;$c24 cm 490 1 $aGià e non ancora ;$v76 500 $aComprende indici. 504 $aBibliografia: p. 41-43. 700 1 $aBellini, Enzo.$0(OLS)http://pul/name/6756 830 0$aGià e non ancora ;$v76.$0(OLS)http://pul/title/129 850 $aPUL 852 $aPUL$W1$xDP2 Religione 1$y63$m21 G 39$j27118$nBK-PRI$qStampati$B27118$CPULBib$Z2$F27118 $H49423 $81 852 $aPUL$W1$xCollocazioni Temporanee$y24$mCONS.261$j27119$nBK-PRI$b $qStampati$B27119$CPULBib$Z2$F27119 $H $81 900 $aIrénée de Lyon$cs., vesc.,$dm. 202 $93472 900 $aIreneo,$cs., vesc. di Lione,$dm. 202$93472 941 1 $a8 961 $aINV: 49423 961 $aINV: 0517 996 $6245$aContro le eresie e gli altri scritti$9(OLS)http://pul/title/27293 996 $6260$aMilano :$bJaca Book$9(OLS)http://pul/publisher/47900 LEADER 01281nam a2200313 u 4500 001 000000041922 003 CaOOAMICUS 005 20070226114252.0 008 990216s1996 it c u000 u ita u 020 $a8838237522 035 $a10814329 040 $aPUL(R)$bita 100 1 $aGuano, Emilio,$cvesc. di Livorno,$d1900-1970.$0(OLS)http://pul/name/10288 245 13$aLa santità di Dio /$cEmilio Guano ; introduzione di Pino Scabini. 260 $aRoma :$bEdizioni Studium,$cc1996. 300 $a94 p., [1] c. di tav. :$britr. ;$c21 cm 490 1 $aCoscienza studi ;$v28 504 $aBibliografia in nota. 650 4$aDio$xDottrina cristiana.$0(OLS)http://pul/subject/9476 650 4$aSantità.$0(OLS)http://pul/subject/12231 700 1 $aScabini, Pino,$d1926-2009.$0(OLS)http://pul/name/30480 830 0$aCoscienza.$pStudi ;$v28.$0(OLS)http://pul/title/9531 850 $aPUL 852 $aPUL$W1$xSL Religione 1$y3$m64 I 7$j56732$nBK-PRI$b $qStampati$B56732$CPULBib$Z2$F56732 $H $81 941 1 $a8 961 $aINV: 79499 996 $6020$a8838237522$9(OLS)http://pul/number/52275 996 $6245$aLa santità di Dio$9(OLS)http://pul/title/56566 996 $6260$aRoma :$bEdizioni Studium$9(OLS)http://pul/publisher/49092